Minecraft alle Kreaturen - Statistiken

Allgemein
  • Dieses Quiz wurde 27 mal gespielt
    20 seit der letzten Aktualisierung
  • Das Durchschnittsergebnis liegt bei 42 aus 87
Antwortstatistiken
Spielversion Kreatur % Korrekt
Vollversion 1.0 Dorfbewohner
94%
Alpha 1.0.8 Kuh
94%
0.24_SURVIVAL_TEST Schwein
94%
0.26_SURVIVAL_TEST Spinne
94%
Alpha 1.0.14 Huhn
88%
0.24_SURVIVAL_TEST Skelett
88%
0.24_SURVIVAL_TEST Zombie
88%
0.24_SURVIVAL_TEST Creeper
82%
Vollversion 1.0 Enderdrache
82%
Beta 1.8 Enderman
82%
Beta 1.4 Wolf
82%
Vollversion 1.16 Piglin
76%
0.28_SURVIVAL_TEST Schaf
76%
Beta 1.8 Höhlenspinne
71%
Vollversion 1.2.1 Katze
71%
Vollversion 1.13 Lachs
71%
Vollversion 1.2.1 Ozelot
71%
Vollversion 1.6.1 Pferd
71%
Vollversion 1.17 Axolotl
65%
Vollversion 1.15 Biene
65%
Alpha 1.2.0 Ghast
65%
Vollversion 1.4.2 Hexe
65%
Vollversion 1.14 Panda
65%
Vollversion 1.12 Papagei
65%
Vollversion 1.2.1 Eisengolem
59%
Vollversion 1.6.1 Esel
59%
Vollversion 1.11 Lama
59%
Vollversion 1.0 Lohe
59%
Vollversion 1.8 Wächter
59%
Vollversion 1.19 Wächter
59%
Vollversion 1.4.2 Wither
59%
Vollversion 1.10 Wüstenzombie
59%
Vollversion 1.13 Delfin
53%
Vollversion 1.8 Endermite
53%
Vollversion 1.13 Ertrunkener
53%
Vollversion 1.14 Fuchs
53%
Vollversion 1.16 Hoglin
53%
Vollversion 1.6.1 Maultier
53%
Vollversion 1.13 Phantom
53%
Vollversion 1.13 Schildkröte
53%
Alpha 1.0.11 Schleim
53%
Beta 1.8 Silberfisch
53%
Vollversion 1.13 Tropenfisch
53%
Vollversion 1.4.2 Witherskelett
53%
Vollversion 1.10 Eisbär
47%
Vollversion 1.19 Frosch
47%
Vollversion 1.13 Kugelfisch
47%
Vollversion 1.0 Schneegolem
47%
Vollversion 1.4.2 Zombiedorfbewohner
47%
Vollversion 1.13 Kabeljau
41%
Vollversion 1.11 Magier
41%
Vollversion 1.14 Plünderer
41%
Vollversion 1.9 Shulker
41%
Beta 1.2 Tintenfisch
41%
Vollversion 1.16 Zoglin
41%
Vollversion 1.20.3 Böe
35%
Vollversion 1.10 Eiswanderer
35%
Vollversion 1.8 Kaninchen
35%
Vollversion 1.19 Kaulquappe
35%
Vollversion 1.21.9 Kupfergolem
35%
Vollversion 1.0 Magmawürfel
35%
Vollversion 1.11 Plagegeist
35%
Vollversion 1.14 Verwüster
35%
Vollversion 1.19.3 Dromedar
29%
Vollversion 1.4.2 Fledermaus
29%
Vollversion 1.20.5 Gürteltier
29%
Vollversion 1.19 Hilfsgeist
29%
Vollversion 1.17 Leuchttintenfisch
29%
Vollversion 1.19.4 Schnüffler
29%
Vollversion 1.16 Schreiter
29%
Vollversion 1.6.1 Skelettpferd
29%
Vollversion 1.17 Ziege
29%
Vollversion 1.11 Diener
24%
Vollversion 1.16.2 Piglin-Barbar
24%
Vollversion 1.6.1 Zombiepferd
24%
Vollversion 1.14 Fahrenderhändler
18%
Vollversion 1.8 Großwächter
18%
Vollversion 1.14 Händlerlama
18%
Vollversion 1.0 Mooshroom
18%
Vollversion 1.21.11 Nautilus
18%
Vollversion 1.20.5 Sumpfskelett
18%
Vollversion 1.21.11 Zombiedromedar
18%
Alpha 1.2.0 Zombifizierter Piglin
18%
Vollversion 1.21.11 Zombienautilus
12%
Vollversion 1.21.6 Glücklicher Ghast
6%
Vollversion 1.21.11 Vertrockneter
6%
Vollversion 1.21.2 Knarz
0%
Keine übereinstimmenden Quizze gefunden
Verteilung der Resultate
Anzahl Personen mit jedem Resultat
Perzentil nach korrekt beantworteten Fragen
Ihre Resultats-Entwicklung
Sie haben dieses Quiz seit der letzten Aktualisierung nicht gespielt